[Event "Suwalki Warakomska Memorial-B 1st"]
[Site "Suwalki"]
[Date "2017.08.16"]
[Round "7"]
[White "Szczygiel, Jakub"]
[Black "Lisowski, Krzysztof"]
[Result "0-1"]
[WhiteElo "1797"]
[BlackElo "2073"]
[PlyCount "38"]
[EventDate "2017.08.11"]
[EventType "swiss"]
[EventRounds "9"]
[EventCountry "POL"]
[SourceTitle "CBM 180 Extra"]
[Source "ChessBase"]
[SourceDate "2017.10.06"]
[SourceVersion "1"]
[SourceVersionDate "2017.10.06"]
[SourceQuality "1"]

1. d4 d5 2. c4 c6 3. cxd5 cxd5 4. Nc3 Nf6 5. e3 Nc6 6. Nf3 e6 7. a3 Bd6 8. Be2 0-0 9. 0-0 Bd7 10. b4 Qe7 11. Bb2 Rfd8 12. Rc1 Rac8 13. Na4 Ne4 14. Ne5 Nxe5 15. Rxc8 Rxc8 16. dxe5 Bxb4 17. Qd4 Bxa3 18. Bxa3 Qxa3 19. f3 Qxa4 0-1